000 01673nam a2200421 i 4500
001 EBC6578990
003 MiAaPQ
005 20220407142258.0
007 cr cnu||||||||
008 211204s2021 ne o 000 0 eng d
020 _z9789463720908
_q(print)
020 _a9789048542932
_q(electronic bk.)
040 _aMiAaPQ
_beng
_cMiAaPQ
245 0 0 _aEphemeral spectacles, exhibition spaces and museums :
_b1750-1918 /
_cedited by Dominique Bauer and Camilla Murgia.
264 1 _aAmsterdam :
_bAmsterdam University Press,
_c[2021]
264 4 _c©2021
300 _a1 online resource (302 pages).
336 _aText
_btxt
_2rdacontent
337 _aComputermedien
_bc
_2rdamedia
338 _aOnline Resource
_bcr
_2rdacarrier
490 1 _aSpatial Imageries in Historical Perspective
500 _aE-Book-ProQuest / Fernzugriff nach Registrierung möglich
650 4 _aKaufhaus
_95198
650 4 _aMuseum
_9823
650 4 _aAusstellung
_95199
653 _aMuseum exhibits.
653 _aMuseums.
655 4 _aElectronic books.
655 _aFernzugriff
_9230
700 1 _aBauer, Dominique,
_eeditor.
_95119
700 1 _aMurgia, Camilla,
_eeditor.
_95120
776 0 8 _iPrint version:
_tEphemeral spectacles, exhibition spaces and museums : 1750-1918.
_dAmsterdam : Amsterdam University Press, 2021
_h302 pages
_kSpatial imageries in historical perspective.
_z9789463720908
830 0 _aSpatial imageries in historical perspective.
_95121
856 4 0 _uhttps://ebookcentral.proquest.com/lib/maxweberstiftung-ebooks/detail.action?docID=6578990
_zVolltext
942 _cEB
_2z
999 _c59657
_d59657